000 00400nam a22001337a 4500
003 SGT
020 _a9789351861874
082 _a891.4309
_bR15A
100 _aअग्रवाल, प्रमोद कुमार
245 _aराधा की पाती : कृष्ण के नाम
260 _b प्रभात प्रकाशन
_c2015
300 _a120
942 _2ddc
_cBK
999 _c31048
_d31048